Klíčenie domácich franšíz
Pojazdné kaviarničky Coffe brothers - jeden z nových pôvodných domácich franšízingových konceptov. Bariéry rozvoja franšízingu na Slovensku v myslení ľudí. Kuriérska spoločnosť GO4 a jej partnerstvá. Zdravotnícka lastovička - franšízingový koncept Slnečný dom.
Saved in:
| Main Author: | |
|---|---|
| Format: | Book Chapter |
| Language: | Slovak |
| Subjects: | |
| Tags: |
No Tags, Be the first to tag this record!
|
MARC
| LEADER | 00000naa a2200000 4500 | ||
|---|---|---|---|
| 001 | 0206712 | ||
| 005 | 20231113104041.8 | ||
| 041 | 0 | |a slo | |
| 044 | |a SK | ||
| 245 | 1 | 0 | |a Klíčenie domácich franšíz |c Marek Legéň |
| 520 | |a Pojazdné kaviarničky Coffe brothers - jeden z nových pôvodných domácich franšízingových konceptov. Bariéry rozvoja franšízingu na Slovensku v myslení ľudí. Kuriérska spoločnosť GO4 a jej partnerstvá. Zdravotnícka lastovička - franšízingový koncept Slnečný dom. | ||
| 610 | 2 | 0 | |a podnikanie |
| 610 | 2 | 0 | |a podnikatelia |
| 610 | 2 | 0 | |a franšíza |
| 610 | 2 | 0 | |a firmy |
| 610 | 2 | 0 | |a káva |
| 610 | 2 | 0 | |a kaviarne |
| 610 | 2 | 0 | |a preprava |
| 610 | 2 | 0 | |a zásielky poštové |
| 610 | 2 | 0 | |a zdravotníctvo |
| 100 | 1 | |a Legéň, Marek | |